000
00221nam a22001097a 4500
041
_a
eng
080
_a
80
100
_a
Rowlinson, William
245
_a
Oxford. 10,000 french words.
650
_a
Reference
999
_c
279755
_d
279755
942
_c
BK